00971nam a22002295i 4500001000700000003000900007005001700016008004100033040003000074100002600104245011800130260010700248300003600355596004000391597001100431650004400442740004900486752002400535852003700559999001900596952012600615158096ES-MaACL20230906211015.0990913s1841 fr |||| | fre d aCCPB | B bspa cCCPB | B1 aLoreau, J. L.912906710aDu Crédit Foncier et des moyens de le Fonder, ou Création d'un système hypothécaire ... / cJ. L. Loreau. aA Paris : bchez L. Hachette, Libraire de l'Université, c1841 (ePoitiers : fImp. de F. A. Saurin) a339 p., [1] h. pleg. ; c23 cm. 1aDatos de imp. tomados de colofón. 1aAntep. 4aCrédito financiero-zFrancia.91358400 aCréation d'un système hypothécaire ... aFrancia - dParís aES-MaACLjG-10201 z-- Enc. tela c158096d158096 001040708LIBXIXaATENEOMbATENEOMcSPP3d2008-01-17eSSCl0oG-10201p1165462r2023-02-23 00:00:00w2023-02-23yMONANT